The readjustment of manpower in industry during the transition from war to peace : an analysis of policies and programs /

Bibliographic Details
Corporate Author: Princeton University. Industrial Relations Section
Other Authors: Baker, Helen
Format: Book
Language:English
Published: Princeton, N.J. : Industrial relations section, Dept. of economics and social institutions, Princeton university, 1944.
Series:Research report series (Princeton University. Industrial Relations Section) ; no. 71.
Subjects:

MARC

Tag First Indicator Second Indicator Subfields
LEADER 00000cam a2200000 4500
001 in00000200401
005 20151009060801.0
008 750523s1944 njuk 00010 eng d
010 |a  45002290  
035 |a (OCoLC)01353944 
035 |9 AAX4500AM 
040 |c GAT  |d OCL  |d TXA  |d UtOrBLW 
049 |a TXAM  |c [130391] 
050 0 0 |a HF5549  |b .P676 
082 0 |a 658.3 
110 2 |a Princeton University.  |b Industrial Relations Section. 
245 1 4 |a The readjustment of manpower in industry during the transition from war to peace :  |b an analysis of policies and programs /  |c by Helen Baker, assistant director, Industrial Relations Section. 
264 1 |a Princeton, N.J. :  |b Industrial relations section, Dept. of economics and social institutions, Princeton university,  |c 1944. 
300 |a 112 pages including form. ;  |c 24 cm. 
336 |a text  |b txt  |2 rdacontent 
337 |a unmediated  |b n  |2 rdamedia 
338 |a volume  |b nc  |2 rdacarrier 
490 1 |a Princeton University. Industrial Relations Section. Research report series,  |v no. 71 
650 0 |a Personnel management. 
650 0 |a Veterans  |x Employment  |z United States. 
650 0 |a Reconstruction (1939-1951)  |z United States. 
700 1 |a Baker, Helen. 
830 0 |a Research report series (Princeton University. Industrial Relations Section) ;  |v no. 71. 
999 |a MARS 
999 f f |s b2db8a01-f103-35f6-8bb9-d612655e8c74  |i bc6e211b-5adb-3af1-8508-72b6f489d423  |t 0 
952 f f |p ric  |a Texas A&M University  |b Rellis Campus  |c Joint Library Facility  |d Remote Storage  |t 0  |e HF5549 .P676  |h Library of Congress classification  |i unmediated -- volume  |m A14802820306 
998 f f |a HF5549 .P676  |t 0  |l Remote Storage